000 00293nam a22001337a 4500
008 170511b xxu||||| |||| 00| 0 eng d
020 _a9780735577176
041 _aeng
080 _23RD
_a34
100 _a15
101 _aSHJ
245 _aCONSTITUTIONAL LAW
_cCHEMERINSKY
942 _2udc
_cBK
999 _c13173
_d13173